000 01146nam a22002777a 4500
003 OSt
005 20210914172155.0
008 210914b2008 ck a|||br|||| 00| j spa d
020 _a9789588471006
040 _aCO-JMCR
_cCO-JMCR
041 1 _aspa
_heng
082 0 4 _aC /
_bJACj
_223
100 1 _aJacobs, Joseph,
_eautor
_940383
245 1 0 _aJuanito y los fríjoles mágicos /
_cversión de Joseph Jacobs ; traducido por María Candelaria Posada ; ilustrado por Olga Cuéllar
260 _aBogotá :
_bAlcaldía Mayor de Bogotá : Secretaría Distrital de Cultura, Recreación y Deporte : Fundación Gilberto Alzate Avendaño,
_c2008
300 _a51 páginas :
_bilustraciones a blanco y negro ;
_c17 cm.
490 0 _aLibro al viento ;
_v48
546 _aTraducido del inglés.
650 1 4 _aCuentos infantiles ingleses
_ySiglos XIX-XX
_940384
650 2 4 _aLiteratura infantil inglesa
_ySiglos XIX-XX
_940385
650 2 4 _aLiteratura infantil
_940386
650 2 4 _aGigantes en la literatura
_940387
700 1 _aPosada, María Candelaria,
_etraductora
_940388
700 1 _aCuéllar, Olga,
_eilustradora
_91085
942 _2ddc
_cBK
999 _c15592
_d15592